000
00235 a2200109 4500
001
51073
040
_c
Anchieta - Pituba
240
1
0
_a
Inclusão e Pluralidade
_l
245
1
0
_a
Inclusão e Pluralidade
650
4
_a
Educação
942
_c
MX
999
_c
51073
_d
51073